Educational statistics district - wise 1965-66 : Assam (Record no. 413698)

000 -LEADER
fixed length control field 00419cam a22001217a 4500
008 - FIXED-LENGTH DATA ELEMENTS--GENERAL INFORMATION
fixed length control field 180718b1970 xxu||||| |||| 00| 0 eng d
082 ## - DEWEY DECIMAL CLASSIFICATION NUMBER
Classification number Po65x5411 In2 65- 6
245 ## - TITLE STATEMENT
Title Educational statistics district - wise 1965-66 : Assam
Statement of responsibility, etc. by Ministry Of Education & Youth Servies
260 ## - PUBLICATION, DISTRIBUTION, ETC.
Place of publication, distribution, etc. New Delhi
Name of publisher, distributor, etc.
Date of publication, distribution, etc. 1970
300 ## - PHYSICAL DESCRIPTION
Extent 2v,100p
650 ## - SUBJECT ADDED ENTRY--TOPICAL TERM
Topical term or geographic name entry element Education --India --Assam --Statistics.
700 ## - ADDED ENTRY--PERSONAL NAME
Personal name India. Ministry Of Education &
Holdings
Withdrawn status Lost status Damaged status Not for loan Permanent Location Current Location Date acquired Full call number Barcode Date last seen Price effective from Koha item type
        Indian Institute of Public Administration Indian Institute of Public Administration 2009-02-18 Po65x5411 In2 65- 6 D1276 2018-07-21 2018-07-21 D

Powered by Koha